000 00887nam a22003610a 4500
001 PT50230
003 AR-LpoUNG
005 20210131231337.0
008 191001s1988||||ag |||||||||||||||||spa d
020 _a9500700395
_c$119,78
040 _aAR-LpoUNG
_bspa
_cAR-LpoUNG
_eaacr
041 _aspa
044 _aag
082 0 _a982.11 961bue
100 1 _aLuna, Félix
245 1 0 _aBuenos Aires y el país
250 _a7§ ed.
260 _aBuenos Aires :
_bSudamericana,
_cagosto de 1988.
300 _a225 p. :
_bil.
650 4 _aANALISIS HISTORICO
650 4 _aARGENTINA
650 4 _aASPECTOS POLITICOS
650 4 _aCIENCIA POLITICA
650 4 _aCIUDADES
650 4 _aESTADO
650 4 _aFEDERALISMO
650 4 _aHISTORIA NACIONAL
650 4 _aHISTORIA POLITICA
650 4 _aNACIONALES
651 4 _aArgentina
905 _a50230
942 _cLIB
999 _c9463
_d9463